Miṣr fī ʻaṣr dawlat al-mamālik al-Charākisah, 1382-1517. (Record no. 45232)
[ view plain ]
| 000 -LEADER | |
|---|---|
| fixed length control field | 00783cam a22002411 4500 |
| 001 - CONTROL NUMBER | |
| control field | ne 62001255 |
| 003 - CONTROL NUMBER IDENTIFIER | |
| control field | DLC |
| 005 - DATE AND TIME OF LATEST TRANSACTION | |
| control field | 20260227111737.0 |
| 008 - FIXED-LENGTH DATA ELEMENTS--GENERAL INFORMATION | |
| fixed length control field | 891026s1960 ua ab b 000 0 ara c |
| 010 ## - LIBRARY OF CONGRESS CONTROL NUMBER | |
| LC control number | ne 62001255 |
| 035 ## - SYSTEM CONTROL NUMBER | |
| System control number | (OCoLC)20553148 |
| 040 ## - CATALOGING SOURCE | |
| Original cataloging agency | Princeton Univ. Libr. for LC |
| Transcribing agency | WaU |
| Modifying agency | WaU |
| -- | DLC |
| 042 ## - AUTHENTICATION CODE | |
| Authentication code | premarc |
| 043 ## - GEOGRAPHIC AREA CODE | |
| Geographic area code | f-ua--- |
| 050 00 - LIBRARY OF CONGRESS CALL NUMBER | |
| Classification number | DT96 |
| Item number | .T3 |
| 100 1# - MAIN ENTRY--PERSONAL NAME | |
| Personal name | Ṭarkhān, Ibrāhīm Àlī. |
| 245 10 - TITLE STATEMENT | |
| Title | Miṣr fī ʻaṣr dawlat al-mamālik al-Charākisah, 1382-1517. |
| Statement of responsibility, etc. | Taʼlīf Ibrāhīm ʻAlī Ṭarkhān. |
| 260 ## - PUBLICATION, DISTRIBUTION, ETC. | |
| Place of publication, distribution, etc. | al-Qāhirah, |
| Name of publisher, distributor, etc. | Maktabat al-Nahḍah al-Miṣrīyah |
| Date of publication, distribution, etc. | [1960] |
| 300 ## - PHYSICAL DESCRIPTION | |
| Extent | 16, 375 p. |
| Other physical details | illus., maps. |
| Dimensions | 20 cm. |
| 440 #0 - SERIES STATEMENT/ADDED ENTRY--TITLE | |
| Title | Alf kitāb ; |
| Volume/sequential designation | 279 |
| 504 ## - BIBLIOGRAPHY, ETC. NOTE | |
| Bibliography, etc. note | Bibliography: p. [345]-361. |
| 651 #0 - SUBJECT ADDED ENTRY--GEOGRAPHIC NAME | |
| Geographic name | Egypt |
| General subdivision | History |
| Chronological subdivision | 1250-1517. |
No items available.